A note on temporary supply shocks with aggregate demand inertia (Record no. 523670)

000 -LEADER
fixed length control field 01123nam a22001457a 4500
008 - FIXED-LENGTH DATA ELEMENTS--GENERAL INFORMATION
fixed length control field 230918b ||||| |||| 00| 0 eng d
100 ## - MAIN ENTRY--PERSONAL NAME
Personal name Caballero, Ricardo J.and Simsek, Alp
245 ## - TITLE STATEMENT
Title A note on temporary supply shocks with aggregate demand inertia
260 ## - PUBLICATION, DISTRIBUTION, ETC. (IMPRINT)
Place of publication, distribution, etc The American Economic Review: Insights
300 ## - PHYSICAL DESCRIPTION
Extent 5(2), Jun, 2023: p.241-258
520 ## - SUMMARY, ETC.
Summary, etc We study optimal monetary policy during temporary supply contractions when aggregate demand has inertia and the central bank is concerned about future constraints on expansionary policy. In this environment, it is optimal to run the economy hot until supply recovers. However, the policy does not remain loose throughout the low-supply phase. Overall, when the initial aggregate demand is low, the goal is to frontload the rate cuts to raise demand in anticipation of the recovery of supply. If inflation also has inertia, the central bank still overheats the economy during the low-supply phase but gradually cools it down over time.- Reproduced
773 ## - HOST ITEM ENTRY
Main entry heading The American Economic Review: Insights
906 ## - LOCAL DATA ELEMENT F, LDF (RLIN)
Subject DIP MONETARY POLICY
942 ## - ADDED ENTRY ELEMENTS (KOHA)
Item type Articles
Holdings
Withdrawn status Lost status Source of classification or shelving scheme Damaged status Not for loan Permanent location Current location Date acquired Serial Enumeration / chronology Barcode Date last seen Koha item type
          Indian Institute of Public Administration Indian Institute of Public Administration 2023-09-18 5(2), Jun, 2023: p.241-258 AR129576 2023-09-18 Articles

Powered by Koha